| 000 | 00996nas a2200325 4500 | ||
|---|---|---|---|
| 001 | BR2013000730 | ||
| 003 | BR-BrBNA | ||
| 005 | 20231205121848.0 | ||
| 007 | ta | ||
| 008 | 230509b bl.|||p| |||| 00| 00por d | ||
| 040 |
_aBR-BrBNA _bpor _cBiblioteca Nacional de Agricultura |
||
| 041 | _a(Pt) | ||
| 072 | _aQ03; Q04 | ||
| 100 | 1 | _aSantos, J.S. dos | |
| 100 | 1 | _aBeck, L. | |
| 100 | 1 | _aWalter, M. | |
| 100 | 1 | _aSobczak, M. | |
| 100 | 1 | _aOlivo, C.J. | |
| 100 | 1 | _aCostabeber, I. | |
| 100 | 1 | _aEmanuelli, T. | |
| 245 | 1 | _aNitrato e nitrito em leite produzido em sistemas convencional e orgânico | |
| 650 | _aANÁLISE COMPARATIVA | ||
| 650 | _aSISTEMA DE PRODUÇÃO | ||
| 650 | _aTOXIDEZ | ||
| 650 | _aCONTAMINAÇÃO | ||
| 773 | 0 |
_tCiência e Tecnologia de Alimentos (Brazil) _xISSN 1678-457X _g(Apr-Jun 2005), V. 25 (2) p. 304-309 _wBR2013000730 |
|
| 856 | 4 | 0 | _uhttp://www.scielo.br/pdf/cta/v25n2/25029.pdf |
| 909 |
_a202311 _bLúcia _c55 _dLúcia Elande |
||
| 942 |
_2AGRIS _n0 _cANA |
||
| 999 |
_c225636 _d225636 |
||